Geography Questions #4 - Statistics

General Stats
  • This quiz has been taken 94 times
  • The average score is 11 of 14
Answer Stats
Hint Answer % Correct
Country bordering Canada USA
100%
5th largest country Brazil
98%
Largest country in South America Brazil
98%
Country bordering South Korea North Korea
98%
Capital of Germany Berlin
97%
Which is bigger: Kazakhstan, or Argentina? Argentina
95%
Which country seperated from Sudan? South Sudan
90%
6th largest country Australia
76%
Deepest lake Lake Baikal, Russia
74%
Largest lake Caspian Sea, Asia/Europe
70%
Capital of Nicaragua Managua
64%
2nd largest lake Lake Superior, USA
59%
What is the capital of the country that separated from Sudan? Juba
47%
2nd largest island New Guinea, Oceania
22%
No matching quizzes found
Score Distribution
Percent of People with Each Score
Percentile by Number Answered
Your Score History
You have not taken this quiz